La muralla china (Record no. 85901)

MARC details
000 -LEADER
campo de control de longitud fija 00742nam a2200217 i 4500
001 - NÚMERO DE CONTROL
campo de control 85901
003 - IDENTIFICADOR DE NÚMERO DE CONTROL
campo de control ES-MaACL
005 - FECHA Y HORA DE LA ÚLTIMA TRANSACCIÓN
campo de control 20240301063053.0
007 - CAMPO FIJO DE DESCRIPCIÓN FÍSICA--INFORMACIÓN GENERAL
campo de control de longitud fija t|
008 - DATOS DE LONGITUD FIJA--INFORMACIÓN GENERAL
campo de control de longitud fija 041202s1955 ag ||||1| spa d
100 0# - ENTRADA PRINCIPAL--NOMBRE DE PERSONA
Nombre de persona Kafka, Franz,
Fechas asociadas al nombre 1883-1924
9 (RLIN) 67400
245 13 - MENCIÓN DEL TÍTULO
Título La muralla china
Resto del título : cuentos, relatos y otros escritos /
Mención de responsabilidad, etc. Franz Kafka ; [traducciones por Alejandro Ruiz Guiñazu y Alfredo Pippig].
260 ## - PUBLICACIÓN, DISTRIBUCIÓN, ETC.
Lugar de publicación, distribución, etc. Buenos Aires :
Nombre del editor, distribuidor, etc. Emecé,
Fecha de publicación, distribución, etc. [1955] (
Fabricante López)
300 ## - DESCRIPCIÓN FÍSICA
Extensión 284 p. ;
Dimensiones 19 cm.
490 1# - MENCIÓN DE SERIE
Mención de serie Grandes novelistas
700 1# - ENTRADA AGREGADA--NOMBRE PERSONAL
Nombre de persona Ruiz Guiñazu, Alejandro.
9 (RLIN) 100828
700 1# - ENTRADA AGREGADA--NOMBRE PERSONAL
Nombre de persona Pippig, Alfredo.
9 (RLIN) 92317
830 0# - PUNTO DE ACCESO ADICIONAL DE SERIE-TÍTULO UNIFORME
Título uniforme Grandes novelistas
9 (RLIN) 181770
852 ## - LOCALIZACIÓN
Ubicación ES-MaACL
Número de control de estantería C-10625
Sublocalización o colección R.37881
Holdings
Estatus retirado Estado de pérdida Estado de daño No para préstamo Biblioteca de origen Biblioteca actual Ubicación en estantería Fecha de adquisición Fuente de adquisición Total de préstamos Signatura topográfica completa Código de barras Visto por última vez Precio de reemplazo Tipo de ítem Koha
        Biblioteca del Ateneo de Madrid Biblioteca del Ateneo de Madrid Sala Palomar 17/01/2008     C-10625 1089766 23/02/2023 23/02/2023 Libro impreso